01048nam a2200217 a 450000100100000000500170001000800410002704000250006808200200009311101090011324500490022224600460027126000630031730000200038065000730040065000890047304900090056295201180057195201240068999900170081300001418920200929163519.0091207s1988 dr 000 0 spa d aDO-SdBNPbspacBNPHU a338.4791bC749p1 aCongreso Nacional de Turismo Internon(1 :d1988 ene. 15-17 :cJarabacoa, República Dominicana)93206010aPrimer Congreso nacional de turismo interno.1 a1er. Congreso Nacional de Turismo Interno aSanto Domingo :bSecretaría de Estado de Turismo,c1988. a83 p. ;c27 cm. 4aTurismoxCongresos, conferencias, etczRepública Dominicana932061 4aPromoción de turismoxCongresos, fonferencias, etc.zRepública Dominicana932062 aBNPD 0010718PDaPDbPDcCTd2009-12-07iLF1l0o338.4791 C749pp14189-10r2020-06-25w2020-06-25yLFPDZNo se presta 0010718PDaPDbPDcCTd2011-04-19iLF1l0o338.4791 C749pp14189-20r2020-06-25te. 2w2020-06-25yLFPDZNo se presta c13790d13790